Glee Characters Quiz Stats

 Plays Quiz not verified by Sporcle

Also try: Let Me Hug You, TV
Challenge
Share
Tweet
Score 0/54 Timer 10:00
0 Plays Today
% Correct
Finn Hudson
98.5%
Rachel Berry
83.3%
Mercedes Jones
65.5%
Tina Cohen-Chang
60.1%
Noah Puckerman
57.1%
Quinn Fabray
56.2%
Brittany S. Pierce
56.2%
Blaine Anderson
54.7%
Santana Lopez
54.2%
Sam Evans
53.2%
Will Schuester
53.2%
Marley Rose
52.7%
Kurt Hummel
52.2%
Jake Puckerman
52.2%
Kitty Wilde
52.2%
Dave Karovsky
52.2%
Burt Hummel
51.7%
Wade Adams
51.2%
Becky Jackson
51.2%
Terri Schuester
50.7%
Ryder Lynn
50.2%
Sugar Motta
49.8%
Rory Flanagan
49.3%
Jacob Ben Israel
48.3%
Matt Rutherford
47.8%
Holly Holliday
47.7%
April Rhodes
47.7%
% Correct
Joe Hart
47.3%
Shelby Corcoran
44.7%
Ken Tanaka
44.7%
Shannon Beiste
44.2%
Jesse St James
43%
Emma Pillsbury
42.4%
Sunshine Corazon
41.9%
Sue Sylvester
41.9%
Artie Abrams
41.4%
Sandy Ryerson
40.6%
Roz Washington
39.6%
Bree
37.9%
Sebastian Smythe
37.1%
Mike Chang
35.5%
Shane Tinsley
32.5%
Rick 'The Stick' Nelson
27.1%
Hunter Clarington
26.9%
Penny Owen
25.9%
Azimio Adams
23.2%
Dustin Goolsby
22%
Harmony
18.8%
Principal Figgins
16.8%
David Martinez
16.2%
Lauren Zizes
14.8%
Grace Hitchens
14%
Frida Romero
13.4%
Dalton Rumba
4.8%

You're not logged in!

Compare scores with friends on all Sporcle quizzes.
Join for Free
OR
Log In

You Might Also Like...

Show Comments

Extras

Top Quizzes Today


Score Distribution

Your Account Isn't Verified!

In order to create a playlist on Sporcle, you need to verify the email address you used during registration. Go to your Sporcle Settings to finish the process.

Report this User

Report this user for behavior that violates our Community Guidelines.

Details: